Coupes du Monde Rugby: Les plus gros scores - Statistiques

Statistiques générales
  • Ce quiz a été pris 766 fois
    433 depuis la dernière actualisation
  • Le résultat moyen est 22 sur 26
Statistiques - réponses
Réponse % Correct
France
99%
Nouvelle-Zélande
99%
Australie
98%
Angleterre
96%
Irlande
95%
Namibie
95%
Afrique du Sud
94%
Ecosse
94%
Italie
93%
Pays de Galles
92%
Fidji
91%
Argentine
90%
Portugal
90%
Japon
89%
Samoa
89%
Tonga
89%
Etats-Unis
83%
Uruguay
83%
Canada
81%
Roumanie
81%
Espagne
80%
Géorgie
76%
Russie
76%
Chili
71%
Zimbabwe
54%
Côte d'Ivoire
50%
Aucun quiz correspondant
Distribution des résultats
% des personnes avec chaque résultat
Percentile par nombre de réponses
Votre historique - résultats
Vous n’avez pas pris ce quiz depuis la dernière actualisation